000 00514nam a2200181Ia 4500
005 20250508150043.0
008 008 250505s9999 xx 000 0 eng d
037 _aTextual
040 _aFEDL
_beng
_cFEDL
041 _aeng
_2eng
084 _a401, COF
_qFEDL
100 _aCoffman George R
_9755599
245 0 _aStudies in language and literature
260 _aChapel Hill
_bUniversity of North Carolina Press
_c1945
300 _a344p.
942 _cTEXL
_h401, COF
999 _c1321567
_d1321567